NHL Captains 2024-25 - Statistics

General Stats
  • This quiz has been taken 683 times
    252 since last reset
  • The average score is 21 of 32
Answer Stats
Team Captain % Correct
EDM Connor McDavid
88%
PIT Sidney Crosby
86%
FLA Aleksander Barkov
82%
TOR Auston Matthews
82%
WSH Alex Ovechkin
80%
MTL Nick Suzuki
79%
BUF Rasmus Dahlin
79%
OTT Brady Tkachuk
78%
DET Dylan Larkin
78%
COL Gabriel Landeskog
78%
DAL Jamie Benn
77%
ANA Radko Gudas
77%
LAK Anze Kopitar
76%
VAN Quinn Hughes
76%
NSH Roman Josi
74%
VGK Mark Stone
71%
CAR Jordan Staal
69%
NJD Nico Hischier
69%
TBL Victor Hedman
69%
CHI Nick Foligno
65%
NYI Anders Lee
64%
UTA Clayton Keller
64%
MIN Jared Spurgeon
57%
WPG Adam Lowry
55%
CBJ Boone Jenner
54%
SEA Jordan Eberle
49%
STL Brayden Schenn
48%
PHI Sean Couturier
47%
CGY Mikael Backlund
46%
BOS Vacant
46%
SJS Logan Couture
40%
NYR Vacant
40%
No matching quizzes found
Score Distribution
Percent of People with Each Score
Percentile by Number Answered
Your Score History
You have not taken this quiz since the last reset